|
|
|
|
| LEADER |
00744nab a2200181 i 4500 |
| 001 |
acta53243 |
| 005 |
20260224081030.0 |
| 008 |
180329s1940 hu o 000 hun d |
| 040 |
|
|
|a SZTE Egyetemi Kiadványok Repozitórium
|b hun
|
| 041 |
|
|
|a hun
|
| 100 |
1 |
|
|a László István
|
| 245 |
1 |
0 |
|a Dr. Juhász Jenő
|h [elektronikus dokumentum] :
|b Magyar nyelvtani óratervek a polgári iskolák számára : II. rész, II. osztály /
|c László István
|
| 260 |
|
|
|c 1940
|
| 300 |
|
|
|a 83
|
| 490 |
0 |
|
|a Nevelésügyi szemle
|v 4 No. 3-4
|
| 695 |
|
|
|a Magyar nyelvtan tanítása - könyvismertetés, Magyar nyelv tanítása - könyvismertetés
|
| 700 |
0 |
1 |
|a Juhász Jenő
|
| 856 |
4 |
0 |
|u http://acta.bibl.u-szeged.hu/53243/1/nev_szem_004_003_004_083.pdf
|z Dokumentum-elérés
|